| 000 | 00389nam a22001697a 4500 | ||
|---|---|---|---|
| 005 | 20160630155908.0 | ||
| 008 | 160630b xxu||||| |||| 00| 0 eng d | ||
| 020 | _a978-81-203-3522-6 | ||
| 041 | _aeng | ||
| 082 | _b20074 | ||
| 100 |
_aDas Maden mohan _93328 |
||
| 245 | _aOpen Channel Flow | ||
| 260 |
_bPHI _c2015 |
||
| 300 | _a341 | ||
| 650 |
_aDiploma Engineering _9817 |
||
| 942 | _cBK | ||
| 999 |
_c4973 _d4971 |
||